000
00291nam a2200121Ia 4500
008
190802s9999 xx 000 0 und d
020
_a
0-852-97-066-8
100
_a
D. G. Hanson
245
0
_a
Service Banking
260
_a
London
_b
Instittute of Bankers
_c
1982
300
_a
485:p
942
_c
BK
999
_c
2441
_d
2441